Congregaciones civiles de Tulancingo (Record no. 64939)

MARC details
000 -LEADER
fixed length control field 01013cam a2200253 4500
005 - DATE AND TIME OF LATEST TRANSACTION
control field 20230905135206.0
008 - FIXED-LENGTH DATA ELEMENTS--GENERAL INFORMATION
fixed length control field | mx gr 00| 0 spa|d
020 ## - INTERNATIONAL STANDARD BOOK NUMBER
International Standard Book Number 9684962797
050 04 - LIBRARY OF CONGRESS CALL NUMBER
Classification number F1291
Item number C66 1994
245 00 - TITLE STATEMENT
Title Congregaciones civiles de Tulancingo
Statement of responsibility, etc / Jesús Ruvalcaba Mercado, Ariane Baroni Boissonas (compiladores).
250 ## - EDITION STATEMENT
Edition statement 1a ed.
260 ## - PUBLICATION, DISTRIBUTION, ETC. (IMPRINT)
Place of publication, distribution, etc México :
Name of publisher, distributor, etc Centro de Investigaciones y Estudios Superiores en Antropología Social,
Date of publication, distribution, etc 1994
300 ## - PHYSICAL DESCRIPTION
Extent 195 p. ;
Dimensions 21 cm.
490 0# - SERIES STATEMENT
Series statement Miguel Othón de Mendizábal
504 ## - BIBLIOGRAPHY, ETC. NOTE
Bibliography, etc Incluye bibliografía : p. 185-188 e índice
650 #4 - SUBJECT ADDED ENTRY--TOPICAL TERM
Topical term or geographic name as entry element Agricultura
Geographic subdivision México
-- Hidalgo
650 #4 - SUBJECT ADDED ENTRY--TOPICAL TERM
Topical term or geographic name as entry element Indios de México
Geographic subdivision Tulancingo, (Hidalgo)
General subdivision Historia
Form subdivision Fuentes
651 #4 - SUBJECT ADDED ENTRY--GEOGRAPHIC NAME
Geographic name Santa Ana Tulancingo, Hidalgo
General subdivision Historia
Chronological subdivision Siglos XVI y XVII
651 #4 - SUBJECT ADDED ENTRY--GEOGRAPHIC NAME
Geographic name Hidalgo
General subdivision Historia
Chronological subdivision Siglos XVI y XVII
651 #4 - SUBJECT ADDED ENTRY--GEOGRAPHIC NAME
Geographic name Hidalgo
Form subdivision Población
700 1# - ADDED ENTRY--PERSONAL NAME
Personal name Ruvalcaba Mercado, Jesús,
Relator term compilador
700 1# - ADDED ENTRY--PERSONAL NAME
Personal name Baroni Boissonas, Ariane,
Relator term compilador
942 ## - ADDED ENTRY ELEMENTS (KOHA)
Source of classification or shelving scheme Biblioteca del Cogreso de los Estados Unidos
Koha item type Libro
Holdings
Estado de pérdida Fuente de clasificación Estado del daño No para préstamo Ubicación permanente Ubicación actual Apartado o colección Fecha de adquisición Fuente de adquisición Edición Enumeración de Serie / Cronológica Dependencia de educación superior (DES) Área del conocimiento Clasificación Código de Barras Date last seen Número de copia Costo por reposición Tipo de recurso
  Biblioteca del Cogreso de los Estados Unidos   Uso interno Biblioteca Biblioteca de la Facultad de Economía Biblioteca de la Facultad de Economía General 04/09/2023 Unidad Académica 1a ed. Ciencias Económico Administrativas Educación y Humanidades F1291 C66 1994 BFE000009541 15/03/2016 1 1.00 Libro
  Biblioteca del Cogreso de los Estados Unidos     Biblioteca de la Facultad de Economía Biblioteca de la Facultad de Economía General 04/09/2023 Unidad Académica 1a ed. Ciencias Económico Administrativas Educación y Humanidades F1291 C66 1994 BFE000009542 15/03/2016 2 1.00 Libro